US States Trivia Logic Puzzle Quiz Stats

 Plays Quiz Updated Jan 3, 2019

Score 0/30 Timer 20:00
145 Plays Today
% Correct
A2





???
100%
E2





???
74.6%
E3





???
73%
D5





???
65.3%
A4





???
63.6%
D4





???
55.9%
B2





???
54.1%
A1





???
49.5%
C1





???
42.6%
D2





???
37.7%
F5





???
36.8%
C4





???
35.8%
E4





???
34.8%
A3





???
32.8%
F1





???
31.1%
% Correct
A5





???
28.6%
B1





???
25.5%
C5





???
23%
D1





???
18%
E1





???
17%
B4





???
16.2%
C3





???
15.6%
B3





???
15.6%
E5





???
14.8%
D3





???
14.1%
C2





???
14.1%
F3





???
14%
F2





???
13.4%
F4





???
9.7%
B5





???
9.1%

You're not logged in!

Compare scores with friends on all Sporcle quizzes.
OR
Log In

Show Comments

Extras

Top Quizzes Today


Score Distribution

Your Account Isn't Verified!

In order to create a playlist on Sporcle, you need to verify the email address you used during registration. Go to your Sporcle Settings to finish the process.

Report this User

Report this user for behavior that violates our Community Guidelines.

Details: